{"text_format":"3","workbook":"xlsx","n_sheets":3,"sheets":["Planilha","Cronograma","Memorial de Cálculo"],"not_rendered":{"images":2,"defined_names":1},"read":"whole","date_system":"1900"}

{"sheet":"Planilha","index":0,"n_rows":34,"n_cols":8,"rows_kept":34,"merged":[[8,0,8,7],[9,0,9,7],[10,0,10,7],[11,0,11,7],[30,0,30,7],[31,0,31,6],[32,0,32,6],[33,0,33,6]]}
{"$rows_empty":8}
["OBRA:  PAVIMENTAÇÃO EM LAJOTA  SEXTAVADO "]
["LOCAL:   ESTRADA NICOLA DI SALVO - VILA SÃO JORGE -PEDRO DE TOLEDO - S/P "]
["BASE: CDHU - 199 SEM DESONERAÇÃO / SINAPI 09/2025"]
["PLANILHA ORÇAMENTARIA "]
["ITEM","FONTE","CÓDIGO","ESPECIFICAÇÃO DOS SERVIÇOS","UND.","QUANT.","UNITÁRIO"]
["1.0",null,null,"Serviços preliminares",{"$nulls":3},{"$f":"SUM(H15:H16)","v":{"v":3898.2,"d":"R$ 3,898.20"}}]
["1.1","CDHU","02.08.020","Placa de identificação para obra","m²",{"v":6,"d":"6.00"},{"v":631.34,"d":"R$ 631.34"},{"$f":"G15*F15","v":{"v":3788.04,"d":"R$ 3,788.04"}}]
["1.2","CDHU","02.10.060","Locação de vias, calçadas, tanques e lagoas M2 0,84","m",{"v":72,"d":"72.00"},{"v":1.53,"d":"R$1.53"},{"$f":"G16*F16","v":{"v":110.16,"d":"R$ 110.16"}}]
["2.0",null,null,"Guias",{"$nulls":3},{"$f":"H18","v":{"v":8606.880000000001,"d":"R$ 8,606.88"}}]
["2.1","CDHU","54.06.040","Guia pré-moldada reta tipo PMSP 100 - fck 25 Mpa","m",{"v":144,"d":"144.00"},{"v":59.77,"d":"R$ 59.77"},{"$f":"F18*G18","v":{"v":8606.880000000001,"d":"R$ 8,606.88"}}]
["3.0",null,null,"Movimento de terra / Pavimentação",{"$nulls":3},{"$f":"SUM(H20:H26)","v":{"v":75487.89600000001,"d":"R$ 75,487.90"}}]
["3.1","CDHU","07.02.020","Escavação mecanizada de valas ou cavas com profundidade até 2,00m","m³",{"v":108,"d":"108.00"},11.86,{"$f":"F20*G20","v":{"v":1280.8799999999999,"d":"R$ 1,280.88"}}]
["3.2","CDHU","05.10.023","Transporte de solo de 1ª e 2ª categoria por caminhão para distâncias superiores ao 5° km até 10º Km","m³",{"v":108,"d":"108.00"},20.48,{"$f":"F21*G21","v":{"v":2211.84,"d":"R$ 2,211.84"}}]
["3.3","CDHU","54.01.400","Abertura de Caixa atém 25 cm, inclui escavação, compactação, transporte e preparo do subleito ","m²",{"v":432,"d":"432.00"},26.39,{"v":11400.48,"d":"R$ 11,400.48"}]
["3.4","CDHU","54.01.220","Base para bica corrida","m³",{"v":21.6,"d":"21.60"},253.01,{"v":5465.0160000000005,"d":"R$ 5,465.02"}]
["3.5","Sinapi",368,"Areia para aterro","m³",{"v":21.6,"d":"21.60"},{"v":42.5,"d":"42.50"},{"v":918.0000000000001,"d":"R$ 918.00"}]
["3.6","CDHU","54.01.010","Regularização e compactação mecanizada de superfície, sem controle do proctor normal","m²",{"v":432,"d":"432.00"},3.74,{"v":1615.68,"d":"R$ 1,615.68"}]
["3.7","CDHU","54.04.350","Pavimentação em lajota de concreto 35 MPa, espessura 8 cm, tipos: raquete, retangular, sextavado e 16 faces, com rejunte em areia","m²",{"v":432,"d":"432.00"},121.75,{"v":52596,"d":"R$ 52,596.00"}]
["4.0",null,null,"Calçadas",{"$nulls":3},{"$f":"SUM(H28:H30)","v":{"v":12784.176,"d":"R$ 12,784.18"}}]
["4.1","CDHU","54.01.400","Abertura de Caixa atém 25 cm, inclui escavação, compactação, transporte e preparo do subleito ","m²",{"v":144,"d":"144.00"},26.39,{"$f":"F28*G28","v":{"v":3800.16,"d":"R$ 3,800.16"}}]
["4.2","CDHU","54.01.220","Base para bica corrida","m³",{"v":7.2,"d":"7.20"},253.01,{"$f":"F29*G29","v":{"v":1821.672,"d":"R$ 1,821.67"}}]
["4.3","CDHU","17.05.070","Piso  com  requadro  em  concreto  simples  com  controle  de  fck=  20\nMpa","m³",{"v":7.2,"d":"7.20"},994.77,{"v":7162.344,"d":"R$ 7,162.34"}]
[]
["VALOR TOTAL S/ BDI",{"$nulls":6},{"$f":"H14+H17+H19+H27","v":{"v":100777.152,"d":"R$ 100,777.15"}}]
["TOTAL BDI - 24,23%",{"$nulls":6},{"$f":"(H32*24.23%)","v":{"v":24418.303929600002,"d":"R$ 24,418.30"}}]
["TOTAL GERAL",{"$nulls":6},{"$f":"H32+H33","v":{"v":125195.45592960001,"d":"R$ 125,195.46"}}]

{"sheet":"Cronograma","index":1,"n_rows":28,"n_cols":7,"rows_kept":28,"merged":[[0,0,4,6],[5,1,5,6],[6,1,6,6],[7,1,7,6],[8,1,8,6],[9,0,9,6],[10,0,11,0],[10,1,11,1],[10,2,10,5],[10,6,11,6],[12,0,12,6],[13,0,14,0],[13,1,14,1],[15,0,16,0],[15,1,16,1],[17,0,18,0],[17,1,18,1],[19,0,20,0],[19,1,20,1],[21,0,21,1],[24,0,24,1],[27,0,27,6]]}
[]
[]
[]
[]
[]
["Título  :","Infraestrutura Urbana"]
["Obra   :","Pavimentação com lajota sextavada de concreto "]
["Local   :","Estrada Nicola Di Salvo"]
["Bairro :"]
[]
["ITEM","ESPECIFICAÇÃO DOS SERVIÇOS","60 DIAS",{"$nulls":3},"TOTAL R$"]
[null,null,"15 dias ","15 dias","15 dias","15 dias"]
[]
[1,"SERVIÇOS INICIAIS",{"$f":"Planilha!H14","v":{"v":3898.2,"d":"3,898.20"}},{"$nulls":3},{"$f":"SUM(C14:F14)","v":{"v":3898.2,"d":"3,898.20"}}]
[null,null,{"v":1,"d":"100.00%"}]
[2,"Guias/sarjetas",null,{"$f":"Planilha!H17","v":{"v":8606.880000000001,"d":"R$ 8,606.88"}},null,null,{"$f":"SUM(C16:F16)","v":{"v":8606.880000000001,"d":"8,606.88"}}]
[{"$nulls":3},{"v":1,"d":"100.00%"}]
[3,"Movimento de Terra/pavimentação",null,null,{"$f":"(Planilha!H19)/2","v":{"v":37743.948000000004,"d":"R$ 37,743.95"}},{"$f":"(Planilha!H19)/2","v":{"v":37743.948000000004,"d":"R$ 37,743.95"}},{"$f":"SUM(C18:F18)","v":{"v":75487.89600000001,"d":"75,487.90"}}]
[{"$nulls":4},{"v":0.5,"d":"50.00%"},{"v":0.5,"d":"50.00%"}]
[4,"Passeio",{"$nulls":3},{"$f":"Planilha!H27","v":{"v":12784.176,"d":"R$ 12,784.18"}},{"$f":"SUM(C20:F20)","v":{"v":12784.176,"d":"12,784.18"}}]
[{"$nulls":5},{"v":1,"d":"100.00%"}]
["TOTAL POR MÊS",null,{"$f":"C14","v":{"v":3898.2,"d":"R$ 3,898.20"}},{"$f":"D16","v":{"v":8606.880000000001,"d":"R$ 8,606.88"}},{"$f":"E18","v":{"v":37743.948000000004,"d":"R$ 37,743.95"}},{"$f":"F18+F20","v":{"v":50528.124,"d":"R$ 50,528.12"}},{"$f":"SUM(G14:G21)","v":{"v":100777.152,"d":"R$ 100,777.15"}}]
[null,"BDI (24,23%)",{"$f":"(C22*24.23%)","v":{"v":944.53386,"d":"R$ 944.53"}},{"$f":"(D22*24.23%)","v":{"v":2085.4470240000005,"d":"R$ 2,085.45"}},{"v":9145.3586004,"d":"R$ 9,145.36"},{"v":12242.964445200001,"d":"R$ 12,242.96"},{"v":24418.303929600002,"d":"R$ 24,418.30"}]
[null,"TOTAL",{"$f":"SUM(C22+C23)","v":{"v":4842.73386,"d":"R$ 4,842.73"}},{"$f":"SUM(D22+D23)","v":{"v":10692.327024000002,"d":"R$ 10,692.33"}},{"v":46889.30660040001,"d":"R$ 46,889.31"},{"v":62771.0884452,"d":"R$ 62,771.09"},{"$f":"SUM(G22+G23)","v":{"v":125195.45592960001,"d":"R$ 125,195.46"}}]
["TOTAL ACUMULADO",null,{"$f":"C24","v":{"v":4842.73386,"d":"R$ 4,842.73"}},{"$f":"SUM(C25+D24)","v":{"v":15535.060884000002,"d":"R$ 15,535.06"}},{"$f":"SUM(D25+E24)","v":{"v":62424.367484400005,"d":"R$ 62,424.37"}},{"$f":"SUM(E25+F24)","v":{"v":125195.45592960001,"d":"R$ 125,195.46"}}]
[]
[]
["Pedro de Toledo, 23 DE OUTUBRO de 2025"]

{"sheet":"Memorial de Cálculo","index":2,"n_rows":30,"n_cols":6,"rows_kept":30,"merged":[[0,1,0,5],[1,1,1,5],[2,1,2,5],[3,1,3,5],[4,1,4,5],[16,3,16,5]]}
[null,"MEMÓRIA DE CALCÚLO"]
["Titulo","Infraestrutura"]
["Obra","Pavimentação com lajota sextavada de concreto "]
["Local","Estrada Nicola di Salvo"]
["Bairro"]
[]
["Ref.","Código","Item","Especificações dos Serviços","Quantidade","Unidade"]
["CDHU","02.08.020","1.1","Placa de identificação da obra",{"v":6,"d":"6.00"},"m²"]
[{"$nulls":3},"Dimensões de 4,50m x 1,50m  "]
["CDHU","02.10.060","1.2","Locação de vias, calçadas, tanques e lagoas M2 0,84",{"v":72,"d":"72.00"}]
[{"$nulls":3},"Comprimento = 72,00m"]
[]
[null,"54.06","2.0","Guias e sarjetas"]
["CDHU","54.06.151","2.1","Execução de guia pre-fabricada"]
[{"$nulls":3},"Compr. = (72,00 m x2) = 144,00 m "]
[]
[null,null,"3.0","MOVIMENTO DE TERRA"]
["CDHU","07.02.020","3.1","Escavação mecanizada de valas ou cavas com profundidade até 2,00m",{"v":108,"d":"108.00"},"m³"]
["CDHU",null,null,"V= (72,00 x 6,00 x 0,25) "]
["CDHU","05.10.023","3.2","Transporte de solo de 1ª e 2ª categoria por caminhão para distâncias superiores ao 5° km até 10º Km",{"v":108,"d":"108.00"},"m³"]
["CDHU",null,"3.3","Abertura de Caixa atém 25 cm, inclui escavação, compactação, transporte e preparo do subleito ",{"v":432,"d":"432.00"},"m²"]
[{"$nulls":3},"A= (72,00 x 6,00)"]
["CDHU","54.01.220","3.4","Base para bica corrida",{"v":21.6,"d":"21.60"},"m³"]
[{"$nulls":3},"V= (72,00 x 6,00 x 0,05)  "]
["Sinapi",368,"3.5","Areia para aterro",{"v":21.6,"d":"21.60"},"m³"]
[{"$nulls":3},"V= (72,00 x 6,00 x 0,05)"]
["CDHU","54.01.010","3.6","Regularização e compactação mecanizada de superfície, sem controle do proctor normal",{"v":432,"d":"432.00"},"m²"]
[{"$nulls":3},"A= (72,00 x 6,00)"]
["CDHU","54.04.350","3.7","Pavimentação em lajota de concreto 35 MPa, espessura 8 cm, tipos: raquete, retangular, sextavado e 16 faces, com rejunte em areia",{"v":432,"d":"432.00"},"m²"]
[{"$nulls":3},"A= (72,00 x 6,00)"]